Statistics for Batman Characters

Click here to take the quiz!

General Stats

  • This quiz has been taken 281 times
  • The average score is 18 of 20

Answer Stats

Real NameAnswer% Correct
Bruce WayneBatman
100%
Jason ToddRed Hood
100%
Richard (Dick) Grayson Jr.Nightwing
99%
Timothy (Tim) DrakeRobin
98%
Selina Kyle WayneCatwoman
97%
Kal-El (Clark Joseph Kent)Superman
96%
D.A. Harvey DentTwo-Face
95%
Harleen QuinzelHarley Quinn
94%
Barbara (Barb) GordonOracle
93%
Mayor Oswald CobblepotPenguin
93%
Edward (Ed) NigmaRiddler
91%
Cassandra (Cassie) CainBatgirl
90%
Princess Diana (Prince)Wonder Woman
84%
Victor (Vic) FriesMr. Freeze
81%
Slade T. WilsonDeathstroke
80%
Jack NapierJoker
79%
Katherine (Kate) KaneBatwoman
77%
Alfred PennyworthAlfred
74%
Commissioner James (Jim) GordonCommissioner Gordon
65%
Floyd LawtonDeadshot
65%

Score Distribution

Percentile by Number Answered

Percent of People with Each Score

Your Score History

You have not taken this quiz